<?xml version="1.0" encoding="UTF-8"?>
<record
    xmlns:xsi="http://www.w3.org/2001/XMLSchema-instance"
    xsi:schemaLocation="http://www.loc.gov/MARC21/slim http://www.loc.gov/standards/marcxml/schema/MARC21slim.xsd"
    xmlns="http://www.loc.gov/MARC21/slim">

  <leader>00769nam a22001337a 4500</leader>
  <datafield tag="040" ind1=" " ind2=" ">
    <subfield code="c">RUA</subfield>
  </datafield>
  <datafield tag="082" ind1=" " ind2=" ">
    <subfield code="a">Library Block B B1.398</subfield>
  </datafield>
  <datafield tag="100" ind1=" " ind2=" ">
    <subfield code="a">&#x1798;&#x17C9;&#x17B6;&#x1793;&#x17CB; &#x179F;&#x17D2;&#x179A;&#x17B8;&#x179B;&#x17D0;&#x1780;&#x17D2;&#x1781; MAN SREYLEAK</subfield>
  </datafield>
  <datafield tag="245" ind1=" " ind2=" ">
    <subfield code="a">&#x179F;&#x17B7;&#x1780;&#x17D2;&#x179F;&#x17B6;&#x17A2;&#x17C6;&#x1796;&#x17B8;&#x179F;&#x17BB;&#x179C;&#x178F;&#x17D2;&#x1790;&#x17B7;&#x1797;&#x17B6;&#x1796;&#x1793;&#x17C3;&#x1780;&#x17B6;&#x179A;&#x1780;&#x17B6;&#x1793;&#x17CB;&#x1780;&#x17B6;&#x1794;&#x17CB;&#x178A;&#x17B8;&#x1792;&#x17D2;&#x179B;&#x17B8;&#x179A;&#x1794;&#x179F;&#x17CB;&#x1794;&#x17D2;&#x179A;&#x1787;&#x17B6;&#x1796;&#x179B;&#x179A;&#x178A;&#x17D2;&#x178B;&#x1793;&#x17C5;&#x1783;&#x17BB;&#x17C6;&#x1792;&#x1798;&#x17D2;&#x1798;&#x178F;&#x17B6;&#x17A2;&#x179A; &#x179F;&#x17D2;&#x179A;&#x17BB;&#x1780;&#x179F;&#x17C6;&#x179A;&#x17C4;&#x1784;&#x1791;&#x1784; &#x1781;&#x17C1;&#x178F;&#x17D2;&#x178F;&#x1780;&#x17C6;&#x1796;&#x1784;&#x17CB;&#x179F;&#x17D2;&#x1796;&#x17BA; STUDY ON LAND TENURE SECURITY IN THORMDA OR COMMUNE, SAMRONG TONG DISTRICT KAMPONG SPUE PROVINCE</subfield>
  </datafield>
  <datafield tag="260" ind1=" " ind2=" ">
    <subfield code="a">RUA</subfield>
    <subfield code="b">PHNOM PENH</subfield>
    <subfield code="c">2024</subfield>
  </datafield>
  <datafield tag="300" ind1=" " ind2=" ">
    <subfield code="a">xi</subfield>
    <subfield code="b">ill</subfield>
    <subfield code="c">29cm</subfield>
  </datafield>
  <datafield tag="856" ind1=" " ind2=" ">
    <subfield code="u">https://drive.google.com/file/d/1OxuNNPO3C7k07ETLKci0UTGVTh65wSQj/view?usp=sharing</subfield>
  </datafield>
  <datafield tag="942" ind1=" " ind2=" ">
    <subfield code="c">LMA</subfield>
  </datafield>
  <datafield tag="999" ind1=" " ind2=" ">
    <subfield code="c">24904</subfield>
    <subfield code="d">24904</subfield>
  </datafield>
  <datafield tag="952" ind1=" " ind2=" ">
    <subfield code="0">0</subfield>
    <subfield code="1">0</subfield>
    <subfield code="4">0</subfield>
    <subfield code="7">0</subfield>
    <subfield code="9">104662</subfield>
    <subfield code="a">LBB</subfield>
    <subfield code="b">LBB</subfield>
    <subfield code="c">B1.398</subfield>
    <subfield code="d">2025-05-12</subfield>
    <subfield code="r">2025-05-12</subfield>
    <subfield code="w">2025-05-12</subfield>
    <subfield code="y">LMA</subfield>
  </datafield>
  <datafield tag="952" ind1=" " ind2=" ">
    <subfield code="0">0</subfield>
    <subfield code="1">0</subfield>
    <subfield code="4">0</subfield>
    <subfield code="7">0</subfield>
    <subfield code="9">104663</subfield>
    <subfield code="a">LBB</subfield>
    <subfield code="b">LBB</subfield>
    <subfield code="c">B1.398</subfield>
    <subfield code="d">2025-05-12</subfield>
    <subfield code="r">2025-05-12</subfield>
    <subfield code="w">2025-05-12</subfield>
    <subfield code="y">LMA</subfield>
  </datafield>
</record>
